MARC details
| 000 -LEADER |
| campo de control de longitud fija |
01459cam a2200421Li 4500 |
| 001 - NÚMERO DE CONTROL |
| campo de control |
84498 |
| 003 - IDENTIFICADOR DE NÚMERO DE CONTROL |
| campo de control |
BJBSDDR |
| 005 - FECHA Y HORA DE LA ÚLTIMA TRANSACCIÓN |
| campo de control |
20250115104309.0 |
| 007 - CAMPO FIJO DE DESCRIPCIÓN FÍSICA--INFORMACIÓN GENERAL |
| campo de control de longitud fija |
ta |
| 008 - DATOS DE LONGITUD FIJA--INFORMACIÓN GENERAL |
| campo de control de longitud fija |
090331s2009 fr 000 0 fre d |
| 015 ## - NÚMERO DE BIBLIOGRAFÍA NACIONAL |
| Número de bibliografía nacional |
00933823 |
| Fuente |
bnf |
| 016 7# - NÚMERO DE CONTROL DE UNA AGENCIA BIBLIOGRÁFICA NACIONAL |
| Número de control del registro |
FRBNF414569520000008 |
| Fuente |
FrPBN |
| 020 ## - NÚMERO INTERNACIONAL ESTÁNDAR DEL LIBRO |
| Número Internacional Estándar del Libro |
9782717857009 |
| 020 ## - NÚMERO INTERNACIONAL ESTÁNDAR DEL LIBRO |
| Número Internacional Estándar del Libro |
2717857001 |
| 029 1# - OTRO NÚMERO DE CONTROL DE SISTEMA (OCLC) |
| Identificador de la biblioteca OCLC |
ZWZ |
| Número de control de sistema |
132836483 |
| 035 ## - NÚMERO DE CONTROL DEL SISTEMA |
| Número de control de sistema |
(OCoLC)ocn470907667 |
| 035 ## - NÚMERO DE CONTROL DEL SISTEMA |
| Número de control de sistema |
(OCoLC)470907667 |
| 040 ## - FUENTE DE CATALOGACIÓN |
| Centro catalogador/agencia de origen |
BDF |
| Lengua de catalogación |
fre |
| Centro/agencia transcriptor |
BDF |
| 041 ## - CÓDIGO DE IDIOMA |
| Código de lengua del texto/banda sonora o título independiente |
fre |
| 050 14 - SIGNATURA TOPOGRÁFICA DE LA BIBLIOTECA DEL CONGRESO |
| Número de clasificación |
HV 6773.3 |
| Número de ítem |
Q3c 2009 |
| 100 1# - ENTRADA PRINCIPAL--NOMBRE DE PERSONA |
| Nombre de persona |
Quéméner, Myriam |
| 9 (RLIN) |
39940 |
| 245 10 - MENCIÓN DEL TÍTULO |
| Título |
Cybercriminalité : |
| Resto del título |
défi mondial / |
| Mención de responsabilidad, etc. |
Myriam Quéméner, Joël Ferry ; préface de Yves Charpenel. |
| 250 ## - MENCION DE EDICION |
| Mención de edición |
2e edition |
| 260 ## - PUBLICACIÓN, DISTRIBUCIÓN, ETC. |
| Lugar de publicación, distribución, etc. |
Paris : |
| Nombre del editor, distribuidor, etc. |
Economica, |
| Fecha de publicación, distribución, etc. |
impr. 2009 |
| 300 ## - DESCRIPCIÓN FÍSICA |
| Extensión |
vii, 308 pages : |
| Otras características físicas |
couv. ill. en coul. ; |
| Dimensiones |
24 cm. |
| 504 ## - NOTA DE BIBLIOGRAFÍA, ETC. |
| Nota de bibliografía, etc. |
Includes bibliographical references |
| 650 #0 - PUNTO DE ACCESO ADICIONAL DE MATERIA--TÉRMINO DE MATERIA |
| Término de materia o nombre geográfico como elemento de entrada |
Computer crimes |
| Subdivisión geográfica |
France. |
| 650 #4 - PUNTO DE ACCESO ADICIONAL DE MATERIA--TÉRMINO DE MATERIA |
| Término de materia o nombre geográfico como elemento de entrada |
Delitos informáticos |
| Subdivisión geográfica |
Francia |
| 9 (RLIN) |
27076 |
| 650 #4 - PUNTO DE ACCESO ADICIONAL DE MATERIA--TÉRMINO DE MATERIA |
| Término de materia o nombre geográfico como elemento de entrada |
Delitos informáticos |
| Subdivisión general |
Prevención |
| Subdivisión geográfica |
Francia |
| 9 (RLIN) |
26645 |
| 650 #4 - PUNTO DE ACCESO ADICIONAL DE MATERIA--TÉRMINO DE MATERIA |
| Término de materia o nombre geográfico como elemento de entrada |
Delitos informáticos |
| Subdivisión geográfica |
Países de la Unión Europea |
| 9 (RLIN) |
27076 |
| 700 1# - ENTRADA AGREGADA--NOMBRE PERSONAL |
| Nombre de persona |
Ferry, Joël |
| 9 (RLIN) |
39968 |
| 700 1# - ENTRADA AGREGADA--NOMBRE PERSONAL |
| Nombre de persona |
Charpenel, Yves, |
| Fechas asociadas al nombre |
1950- |
| 9 (RLIN) |
39969 |
| 856 42 - LOCALIZACIÓN Y ACCESO ELECTRÓNICOS |
| Materiales especificados |
Notice et cote du catalogue de la Bibliotheque nationale de France |
| Identificador Uniforme de Recursos |
<a href="http://catalogue.bnf.fr/ark:/12148/cb41456952h">http://catalogue.bnf.fr/ark:/12148/cb41456952h</a> |
| 886 1# - INFORMACIÓN DE CAMPO MARC FORÁNEO |
| 2 |
intermrc |
| a |
009 |
| b |
a--d--------------- |
| 886 2# - INFORMACIÓN DE CAMPO MARC FORÁNEO |
| 2 |
intermrc |
| a |
680 |
| b |
0- |
| a |
360 |
| b |
360 |
| 942 ## - ELEMENTOS DE ENTRADA SECUNDARIOS (KOHA) |
| Fuente del sistema de clasificación o colocación |
Clasificación de Library of Congress |
| Tipo de ítem Koha |
Libro |
| 946 ## - PROCESAMIENTO DE INFORMACIÓN LOCAL (OCLC) |
| a |
AAG |